[Event "Delkanda Inter Club-chT"]
[Site "Delkanda"]
[Date "2021.03.01"]
[Round "8.1"]
[White "Randil, Lakshita"]
[Black "Hippola, HMSS"]
[Result "1/2-1/2"]
[WhiteElo "1952"]
[BlackElo "1656"]
[PlyCount "67"]
[EventDate "2021.02.26"]
[EventType "team-tourn"]
[EventRounds "9"]
[EventCountry "SRI"]
[SourceTitle "EXT 2022"]
[Source "ChessBase"]
[SourceDate "2021.10.06"]
[SourceVersion "1"]
[SourceVersionDate "2021.10.06"]
[SourceQuality "1"]
[WhiteTeam "Jayewardenepura Univ"]
[BlackTeam "Kandy YMCA"]
[WhiteTeamCountry "SRI"]
[BlackTeamCountry "SRI"]

1. Nf3 c5 2. c4 Nf6 3. g3 g6 4. Bg2 Bg7 5. 0-0 0-0 6. Nc3 Nc6 7. d4 cxd4 8. Nxd4 Nxd4 9. Qxd4 d6 10. Qd3 Nd7 11. b3 Nc5 12. Qd2 Bd7 13. Bb2 Bc6 14. e4 a5 15. Rfe1 a4 16. Nxa4 Nxa4 17. Bxg7 Kxg7 18. bxa4 Rxa4 19. Qc3+ Kg8 20. e5 Bxg2 21. Kxg2 Qc7 22. exd6 Qc6+ 23. Qf3 exd6 24. Reb1 Qxf3+ 25. Kxf3 Rb8 26. Rb6 Rxc4 27. Rxd6 b5 28. Rb1 Rb7 29. Rd2 Ra4 30. Rdb2 Rc7 31. Rxb5 Rc3+ 32. Kg2 Rxa2 33. R1b2 Rxb2 34. Rxb2 1/2-1/2

[Event "SRI-chB"]
[Site "Narahenpita"]
[Date "2017.05.13"]
[Round "4"]
[White "Liyanage, Ranindu Dilshan"]
[Black "Hippola, HMSS"]
[Result "1-0"]
[WhiteElo "1822"]
[BlackElo "1598"]
[PlyCount "69"]
[EventDate "2017.05.12"]
[EventType "swiss"]
[EventRounds "10"]
[EventCountry "SRI"]
[SourceTitle "CBM 178 Extra"]
[Source "ChessBase"]
[SourceDate "2017.06.22"]
[SourceVersion "1"]
[SourceVersionDate "2017.06.22"]
[SourceQuality "1"]

1. e4 e5 2. Nf3 Nc6 3. Bc4 Bc5 4. c3 Nf6 5. d3 d6 6. 0-0 Bg4 7. Nbd2 0-0 8. h3 Bh5 9. b4 Bb6 10. Qb3 a5 11. Bb2 Bg6 12. Rfe1 Qc8 13. a4 Nh5 14. b5 Ne7 15. d4 Nf4 16. Bf1 exd4 17. cxd4 Ne6 18. Nc4 Qd7 19. Nxb6 cxb6 20. Ba3 Rfe8 21. Rac1 Rac8 22. Bc4 h6 23. Qa2 Rc7 24. Bxe6 fxe6 25. Rxc7 Qxc7 26. Qxe6+ Bf7 27. Qxd6 Qxd6 28. Bxd6 Bb3 29. Bc7 Nc8 30. d5 Kf8 31. d6 Be6 32. Nd4 Kf7 33. f4 g6 34. g4 Bd7 35. e5 1-0